[Event "Mondiale Lampo FIDE 2019"]
[Site "Mosca"]
[Date "30.12.2019"]
[Round "15.86"]
[White "Galkin, Alexander"]
[Black "Gukesh, D"]
[Result "1-0"]
[WhiteTitle "GM"]
[BlackTitle "GM"]
[WhiteElo "2611"]
[BlackElo "2547"]
[WhiteFideId "4120426"]
[BlackFideId "46616543"]
[EventDate "2019.12.29"]

1. Nf3 Nf6 2. d4 g6 3. Bf4 Bg7 4. e3 d6 5. c4 O-O 6. Nc3 c5 7. Be2 Nh5 8. Bg5 h6
9. Bh4 g5 10. Bg3 Nxg3 11. hxg3 cxd4 12. exd4 Nc6 13. d5 Ne5 14. Nxe5 dxe5 15.
g4 e4 16. Nxe4 Bxb2 17. Rxh6 Bxa1 18. Qxa1 f6 19. Qb1 Kg7 20. Nxf6 Qa5+ 21. Kf1
Rxf6 22. Qh7+ Kf8 23. Qh8+ Kf7 24. Rh7+ 1-0

[Event "Mondiale Lampo FIDE 2019"]
[Site "Mosca"]
[Date "30.12.2019"]
[Round "15.87"]
[White "Batchuluun, Tsegmed"]
[Black "Potkin, Vladimir"]
[Result "1-0"]
[WhiteTitle "GM"]
[BlackTitle "GM"]
[WhiteElo "2530"]
[BlackElo "2583"]
[WhiteFideId "4900847"]
[BlackFideId "4131061"]
[EventDate "2019.12.29"]

1. d4 Nf6 2. c4 g6 3. Nc3 d5 4. Bf4 Bg7 5. e3 O-O 6. cxd5 Nxd5 7. Nxd5 Qxd5 8.
Bxc7 Nc6 9. Ne2 Bf5 10. Nc3 Qd7 11. Bg3 g5 12. Bd3 Rad8 13. O-O Bxd3 14. Qxd3 h5
15. h3 e5 16. d5 f5 17. Qe2 Nb4 18. Qxh5 f4 19. Bh2 f3 20. gxf3 Nxd5 21. Rad1
Qc6 22. Ne4 Nf6 23. Qxg5 Nxe4 24. fxe4 Rxd1 25. Rxd1 Qxe4 26. Bg3 Qf5 27. Qxf5
Rxf5 28. Rd7 e4 29. Rxb7 a5 30. b3 Rd5 31. a4 Rd3 32. Rb5 Bc3 33. Kg2 Bb4 34.
Bc7 1-0

[Event "Mondiale Lampo FIDE 2019"]
[Site "Mosca"]
[Date "30.12.2019"]
[Round "15.88"]
[White "Blohberger, Felix"]
[Black "Narayanan, Srinath"]
[Result "0-1"]
[WhiteTitle "IM"]
[BlackTitle "GM"]
[WhiteElo "2434"]
[BlackElo "2529"]
[WhiteFideId "1632051"]
[BlackFideId "5018420"]
[EventDate "2019.12.29"]

1. e4 c5 2. Nf3 Nc6 3. Bb5 g6 4. Bxc6 dxc6 5. d3 Bg7 6. h3 Nf6 7. Be3 Nxe4 8.
dxe4 Qxd1+ 9. Kxd1 Bxb2 10. c3 Bxa1 11. Kc2 b6 12. Nbd2 Bxc3 13. Kxc3 Ba6 14. a4
f6 15. a5 Kf7 16. Rb1 Bb5 17. Nc4 Rhd8 18. Nfd2 Rab8 19. Ra1 Rd7 20. h4 h5 21.
Rb1 Rbd8 22. axb6 Rd3+ 23. Kb2 axb6 24. Ra1 Bxc4 25. Nxc4 b5 26. Na5 c4 27. Nxc6
Rc8 28. Ra6 b4 29. Kc1 b3 30. Nb4 Rd7 31. Kb2 Rb7 32. Nd5 c3+ 33. Kb1 b2 34.
Nxc3 Rxc3 35. Ra4 Rcb3 36. Rd4 R3b4 37. Rxb4 Rxb4 38. f3 f5 39. Bd2 Rd4 40. Bc3
Rc4 41. Kxb2 fxe4 42. f4 e3 43. g3 e2 0-1

[Event "Mondiale Lampo FIDE 2019"]
[Site "Mosca"]
[Date "30.12.2019"]
[Round "15.89"]
[White "Makoveev, Ilya"]
[Black "Carlsson, Pontus"]
[Result "0-1"]
[WhiteTitle "FM"]
[BlackTitle "GM"]
[WhiteElo "2277"]
[BlackElo "2456"]
[WhiteFideId "34155748"]
[BlackFideId "1705814"]
[EventDate "2019.12.29"]

1. e4 c5 2. Nf3 d6 3. d4 Nf6 4. Nc3 cxd4 5. Nxd4 g6 6. Be3 a6 7. f3 b5 8. Qd2
Bb7 9. g4 Nbd7 10. O-O-O h6 11. h4 b4 12. Nce2 e5 13. Nb3 d5 14. Bh3 g5 15. Ng3
d4 16. Nxd4 exd4 17. Bxd4 Qc7 18. e5 O-O-O 19. exf6 Qxg3 20. Bb6 Bc5 21. Bxd8 0-1

[Event "Mondiale Lampo FIDE 2019"]
[Site "Mosca"]
[Date "30.12.2019"]
[Round "15.90"]
[White "Moiseenko, Vadim"]
[Black "Guimaraes, Diogo Duarte"]
[Result "1-0"]
[WhiteTitle "GM"]
[BlackTitle "FM"]
[WhiteElo "2526"]
[BlackElo "2322"]
[WhiteFideId "4123700"]
[BlackFideId "2112450"]
[EventDate "2019.12.29"]

1. e4 e5 2. Bc4 Nf6 3. d3 c6 4. Nf3 d5 5. Bb3 a5 6. Nc3 d4 7. Nxe5 dxc3 8. Nxf7
Qc7 9. Nxh8 Bb4 10. O-O a4 11. Bf7+ Kf8 12. bxc3 Bxc3 13. Ba3+ c5 14. d4 g6 15.
e5 Ne4 16. Qf3 Ng5 17. Qxc3 Nxf7 18. Qxc5+ Qxc5 19. Bxc5+ Kg7 20. Nxf7 Kxf7 21.
d5 Na6 22. e6+ Ke8 23. Bd6 b6 24. Rab1 Bb7 25. c4 Rc8 26. Rxb6 1-0

[Event "Mondiale Lampo FIDE 2019"]
[Site "Mosca"]
[Date "30.12.2019"]
[Round "15.91"]
[White "Zarubitski, Viachaslau"]
[Black "Kryakvin, Dmitry"]
[Result "0-1"]
[WhiteTitle "IM"]
[BlackTitle "GM"]
[WhiteElo "2451"]
[BlackElo "2596"]
[WhiteFideId "13509373"]
[BlackFideId "4153278"]
[EventDate "2019.12.29"]

1. e4 c5 2. Nf3 d6 3. Bb5+ Bd7 4. Bxd7+ Qxd7 5. c4 Nf6 6. Nc3 g6 7. d4 cxd4 8.
Nxd4 Bg7 9. f3 Qc7 10. b3 Qa5 11. Qd3 Nc6 12. Bd2 Nxd4 13. Qxd4 O-O 14. Qd3 Qc5
15. Be3 Qa5 16. Bd2 Qc5 17. Rc1 a6 18. Be3 Qa5 19. O-O b5 20. cxb5 axb5 21. Qxb5
Qxb5 22. Nxb5 Rxa2 23. Rc7 Rb2 24. Rxe7 Rxb3 25. Nxd6 Rxe3 26. Rc1 Nd5 27. Rd7
Nc3 28. Kf2 Re2+ 29. Kf1 Rd2 30. Ra1 Nxe4 0-1

[Event "Mondiale Lampo FIDE 2019"]
[Site "Mosca"]
[Date "30.12.2019"]
[Round "15.92"]
[White "Thing, Bibek"]
[Black "Gurvich, Vitaly"]
[Result "0-1"]
[WhiteTitle "CM"]
[BlackTitle "FM"]
[WhiteElo "2222"]
[BlackElo "2230"]
[WhiteFideId "12303135"]
[BlackFideId "24164852"]
[EventDate "2019.12.29"]

1. e4 c6 2. d4 d5 3. Nc3 dxe4 4. Nxe4 Nf6 5. Nxf6+ exf6 6. Nf3 Bd6 7. g3 b6 8.
c4 O-O 9. Bg2 Bb4+ 10. Bd2 Re8+ 11. Kf1 Bxd2 12. Qxd2 Ba6 13. Rc1 Nd7 14. Kg1
Nf8 15. h3 c5 16. Kh2 Rc8 17. b3 Bb7 18. Rhd1 Bxf3 19. Bxf3 Ne6 20. Bg4 Nxd4 21.
Qf4 Rc7 22. b4 g6 23. Rd3 f5 24. Bf3 Rce7 25. bxc5 bxc5 26. Rcd1 Qa5 27. Bd5
Qxa2 28. R1d2 Qa6 29. Kg2 Kg7 30. h4 h5 31. Rd1 Re2 32. R1d2 Rxd2 33. Rxd2 Qf6
34. Ra2 Re7 35. Ra5 Qb6 36. Ra2 a5 37. Qg5 Ra7 38. Qf4 a4 39. Qe5+ Qf6 40. Qb8
Ra6 41. Qb7 Rb6 42. Qc7 f4 43. Bxf7 Rc6 44. Qd7 Qxf7 0-1

[Event "Mondiale Lampo FIDE 2019"]
[Site "Mosca"]
[Date "30.12.2019"]
[Round "15.93"]
[White "Luukkonen, Tommi"]
[Black "Yagupov, Igor"]
[Result "0-1"]
[WhiteTitle "FM"]
[BlackTitle "GM"]
[WhiteElo "2290"]
[BlackElo "2357"]
[WhiteFideId "501808"]
[BlackFideId "4113632"]
[EventDate "2019.12.29"]

1. e4 c5 2. Nf3 e6 3. b3 b6 4. Bd3 Bb7 5. O-O Nc6 6. Bb2 Nf6 7. e5 Nd5 8. Be4
Be7 9. c4 Nf4 10. d4 cxd4 11. Nxd4 Ng6 12. Nb5 Qb8 13. f4 O-O 14. Nd6 Bxd6 15.
exd6 f5 16. Bf3 Nd8 17. Bxb7 Nxb7 18. Be5 Nc5 19. Nc3 Qb7 20. Qe2 a6 21. Rad1
Qc6 22. g3 Rfc8 23. h4 b5 24. cxb5 axb5 25. Nxb5 Ne4 26. Nd4 Nxg3 27. Qf3 Qxf3
28. Rxf3 Ne4 29. a4 Nxh4 30. Rfd3 Ng6 31. Ra1 Ra6 32. Nb5 Nxe5 33. fxe5 Rc5 34.
b4 Rxb5 35. axb5 Rxa1+ 36. Kg2 Ra7 0-1

[Event "Mondiale Lampo FIDE 2019"]
[Site "Mosca"]
[Date "30.12.2019"]
[Round "15.94"]
[White "Mozharov, Mikhail"]
[Black "Faizrakhmanov, Ramil"]
[Result "0-1"]
[WhiteTitle "GM"]
[BlackTitle "IM"]
[WhiteElo "2558"]
[BlackElo "2434"]
[WhiteFideId "4189825"]
[BlackFideId "24103209"]
[EventDate "2019.12.29"]

1. e4 c6 2. d4 d5 3. e5 Bf5 4. Nf3 e6 5. Be2 Ne7 6. O-O Ng6 7. Be3 h5 8. a4 h4
9. h3 Be7 10. Ne1 Nd7 11. Bd3 Bxd3 12. Nxd3 Bg5 13. f4 Bh6 14. a5 Ne7 15. a6 b6
16. Nd2 Nf5 17. Bf2 Qe7 18. c4 dxc4 19. Nxc4 O-O 20. Qf3 Rac8 21. Qe4 Rfd8 22.
Ne3 Nxe3 23. Bxe3 Nf8 24. Rac1 Qd7 25. Nb4 c5 26. dxc5 bxc5 27. Rxc5 Rxc5 28.
Bxc5 Ng6 29. f5 exf5 30. Qxf5 Qe8 31. Bxa7 Nxe5 32. Bf2 Bd2 33. Qe4 f5 34. Qxh4
f4 35. Nc2 Nc4 36. a7 Ne3 37. Ra1 Ra8 38. Nxe3 fxe3 39. Be1 Bxe1 40. Qxe1 Qe7
41. Ra3 e2 42. Kh1 Kh7 43. b4 Rf8 44. Kh2 Rf1 45. Qd2 0-1

[Event "Mondiale Lampo FIDE 2019"]
[Site "Mosca"]
[Date "30.12.2019"]
[Round "15.95"]
[White "Krsnik Cohar, Ivan Vihor"]
[Black "Belousov, Danila"]
[Result "1-0"]
[WhiteTitle "FM"]
[BlackTitle "FM"]
[WhiteElo "2313"]
[BlackElo "2274"]
[WhiteFideId "14520044"]
[BlackFideId "4167350"]
[EventDate "2019.12.29"]

1. c4 e5 2. g3 h5 3. h4 Nf6 4. Nc3 Bb4 5. Bg2 c6 6. a3 Ba5 7. b4 Bc7 8. d4 Qe7
9. d5 e4 10. Bg5 Be5 11. Rc1 a5 12. c5 axb4 13. axb4 Bxc3+ 14. Rxc3 Qe5 15. Bxf6
Qxf6 16. Rc1 Na6 17. Bxe4 Nxb4 18. Nf3 Na2 19. Ra1 Nc3 20. Rxa8 Nxd1 21. Rxc8+
Ke7 22. d6+ Ke6 23. Ng5+ Ke5 24. Rxh8 Kd4 25. Kxd1 Qxf2 26. Bd3 f5 27. Kc2 Kd5
28. Rc1 Qxc5+ 29. Kd2 Qb4+ 30. Kd1 Qa4+ 31. Ke1 Qa3 32. Rd1 Kxd6 33. Rxh5 Kc7
34. Rh7 Qd6 35. Kf2 Qd4+ 36. e3 Qb2+ 37. Be2 f4 38. gxf4 Kb6 39. Rxd7 Qa1 40.
Rhxg7 Qh1 41. Rxb7+ Ka5 42. Ra7+ Kb4 43. Rgb7+ Kc5 44. Nf3 Kd6 45. Rd7+ Kc5 46.
Rd1 Qh3 47. Ra5+ Kb4 48. Rg5 Qe6 49. h5 c5 50. Rb1+ Kc3 51. Rxc5+ 1-0

[Event "Mondiale Lampo FIDE 2019"]
[Site "Mosca"]
[Date "30.12.2019"]
[Round "15.96"]
[White "Rozum, Ivan"]
[Black "Makarian, Rudik"]
[Result "1-0"]
[WhiteTitle "GM"]
[BlackTitle "IM"]
[WhiteElo "2573"]
[BlackElo "2397"]
[WhiteFideId "24104272"]
[BlackFideId "44105681"]
[EventDate "2019.12.29"]

1. Nf3 Nf6 2. g3 g6 3. b3 Bg7 4. Bb2 O-O 5. Bg2 d6 6. d4 Nbd7 7. O-O c6 8. Nbd2
Qc7 9. Re1 Re8 10. e4 e5 11. Nc4 b5 12. dxe5 dxe5 13. Nd6 Re6 14. Nxc8 Rxc8 15.
Qe2 Rd8 16. Red1 Bf8 17. a4 a6 18. Bh3 Rd6 19. Rxd6 Bxd6 20. axb5 axb5 21. Ne1
Nc5 22. Bg2 Nfd7 23. h4 Ne6 24. Bh3 Ndc5 25. Nf3 Nf8 26. Rd1 f6 27. h5 Be7 28.
Ra1 Kg7 29. Kg2 Nce6 30. Bg4 Bc5 31. Rh1 Nd4 32. Nxd4 Bxd4 33. Bc1 g5 34. h6+
Kg8 35. Bf5 Qb6 36. Rd1 Bc5 37. Rf1 Ng6 38. Bd2 Ne7 39. Be6+ Kh8 40. Ra1 Bd4 41.
Ba5 Qb7 42. Bxd8 Bxa1 43. Qh5 Ng8 44. Qe8 Qb8 1-0

[Event "Mondiale Lampo FIDE 2019"]
[Site "Mosca"]
[Date "30.12.2019"]
[Round "15.97"]
[White "Gundavaa, Bayarsaikhan"]
[Black "Miranda Neto, Jayme Amorim"]
[Result "1-0"]
[WhiteTitle "GM"]
[BlackTitle "CM"]
[WhiteElo "2489"]
[BlackElo "2102"]
[WhiteFideId "4901045"]
[BlackFideId "2115964"]
[EventDate "2019.12.29"]

1. d4 Nf6 2. c4 e6 3. Nc3 d5 4. cxd5 exd5 5. Bg5 c6 6. Qc2 Bg4 7. e3 Bh5 8. Qb3
b6 9. Bd3 Be7 10. Nf3 O-O 11. Ne5 Bg6 12. Bxg6 hxg6 13. O-O Nfd7 14. Bf4 Nxe5
15. Bxe5 Bd6 16. Bxd6 Qxd6 17. Rfc1 Nd7 18. a4 Rac8 19. a5 b5 20. Ne2 a6 21. Nf4
c5 22. Qxd5 Qe7 23. Nxg6 1-0

[Event "Mondiale Lampo FIDE 2019"]
[Site "Mosca"]
[Date "30.12.2019"]
[Round "15.98"]
[White "Tengis, Tsog-Ochir"]
[Black "Studer, Noel"]
[Result "1-0"]
[WhiteTitle "FM"]
[BlackTitle "GM"]
[WhiteElo "2190"]
[BlackElo "2546"]
[WhiteFideId "4902718"]
[BlackFideId "1319620"]
[EventDate "2019.12.29"]

1. Nf3 d5 2. c4 d4 3. d3 c5 4. g3 Nc6 5. Bg2 e5 6. a3 a5 7. O-O Nf6 8. e3 Bd6 9.
exd4 cxd4 10. Bg5 O-O 11. Nbd2 Bf5 12. Qe2 h6 13. Bxf6 Qxf6 14. Ne4 Qd8 15. Rfe1
Bc7 16. Nfd2 Rb8 17. Rab1 Qe7 18. Nb3 Bh7 19. Na1 Kh8 20. Nc2 Rbd8 21. g4 a4 22.
b4 axb3 23. Rxb3 b6 24. Ng3 Na5 25. Rb5 Rfe8 26. Nb4 Qh4 27. Be4 g6 28. Nd5 Bd6
29. Nxb6 f5 30. gxf5 gxf5 31. Bxf5 Bxf5 32. Nxf5 e4 33. Nxh4 1-0

[Event "Mondiale Lampo FIDE 2019"]
[Site "Mosca"]
[Date "30.12.2019"]
[Round "15.99"]
[White "Al Mutairi, Hassan S"]
[Black "Mamatov, Melis"]
[Result "1-0"]
[WhiteTitle "CM"]
[WhiteElo "1883"]
[BlackElo "2292"]
[WhiteFideId "21500193"]
[BlackFideId "13800027"]
[EventDate "2019.12.29"]

1. e4 c5 2. d4 cxd4 3. c3 d3 4. Bxd3 d6 5. c4 Nc6 6. Nc3 g6 7. Nf3 Bg7 8. h3 Nf6
9. O-O O-O 10. Bg5 Nd7 11. Rc1 Nde5 12. Nxe5 Bxe5 13. Bh6 Bg7 14. Bxg7 Kxg7 15.
b3 a6 16. f4 Qa5 17. Kh1 Bd7 18. f5 Qe5 19. Nd5 Rad8 20. Bb1 f6 21. Qd2 e6 22.
fxe6 Bxe6 23. Rc3 Rf7 24. Rcf3 Rdf8 25. Qf2 f5 26. exf5 Bxf5 27. Bxf5 Rxf5 28.
Rxf5 Rxf5 29. Qg1 Nd4 30. Rxf5 Nxf5 31. Qd1 Ng3+ 32. Kg1 Ne4 33. Qf3 Qd4+ 34.
Kh2 Nd2 35. Qf4 Ne4 36. Qf3 h5 37. Qf4 a5 38. a4 h4 39. Ne7 Qe5 40. Qxe5+ 1-0

[Event "Mondiale Lampo FIDE 2019"]
[Site "Mosca"]
[Date "30.12.2019"]
[Round "15.100"]
[White "Al Nhier, Hamoud"]
[Black "Tissir, Mohamed"]
[Result "0-1"]
[WhiteTitle "FM"]
[BlackTitle "IM"]
[WhiteElo "1934"]
[BlackElo "2379"]
[WhiteFideId "21500045"]
[BlackFideId "9000240"]
[EventDate "2019.12.29"]

1. c4 e6 2. g3 Nf6 3. Bg2 g6 4. Nc3 Bg7 5. d4 O-O 6. e4 c5 7. d5 exd5 8. exd5 d6
9. Nge2 Nbd7 10. b3 Ne5 11. f4 Neg4 12. h3 Nh6 13. O-O Re8 14. Bd2 a6 15. g4
Nhxg4 16. hxg4 Nxg4 17. Rf3 Qh4 18. Be1 Qh2+ 19. Kf1 Ne3+ 20. Rxe3 Rxe3 21. Bf2
Rxc3 22. Nxc3 Bxc3 23. Rc1 Bh3 24. Rxc3 Bxg2+ 25. Ke1 Qxf4 26. Re3 Be4 27. Qe2
f5 28. Bg3 Qg5 29. Bxd6 b5 30. Bxc5 bxc4 31. bxc4 Rb8 32. Rb3 Rxb3 33. axb3 Qg3+
34. Kd2 Qxb3 35. Qe3 0-1

[Event "Mondiale Lampo FIDE 2019"]
[Site "Mosca"]
[Date "30.12.2019"]
[Round "15.101"]
[White "Gutenev, Alexander"]
[Black "Usov, Aleksandr E."]
[Result "1-0"]
[WhiteTitle "IM"]
[WhiteElo "2469"]
[BlackElo "2012"]
[WhiteFideId "4195540"]
[BlackFideId "24257109"]
[EventDate "2019.12.29"]

1. e4 c6 2. d4 d5 3. Nd2 dxe4 4. Nxe4 Nf6 5. Nxf6+ exf6 6. c3 Bd6 7. Bd3 O-O 8.
Qc2 Re8+ 9. Ne2 h5 10. Be3 Nd7 11. Ng3 Nf8 12. Nxh5 g6 13. Ng3 f5 14. Ne2 f4 15.
Bd2 Bg4 16. f3 Qh4+ 17. Kf1 Be6 18. Be1 Qh6 19. Bf2 g5 20. h3 Re7 21. c4 Rae8
22. Nc3 Ng6 23. Ne4 Rd8 24. d5 cxd5 25. cxd5 f5 26. Nxd6 Rxd6 27. dxe6 1-0

[Event "Mondiale Lampo FIDE 2019"]
[Site "Mosca"]
[Date "30.12.2019"]
[Round "15.102"]
[White "Mikhailovsky, Vladimir"]
[Black "Masrahi, Abdulrahman A"]
[Result "1/2-1/2"]
[WhiteTitle "CM"]
[BlackTitle "CM"]
[WhiteElo "2209"]
[BlackElo "1956"]
[WhiteFideId "34105414"]
[BlackFideId "21501564"]
[EventDate "2019.12.29"]

1. c3 d5 2. f3 Nf6 3. Qa4+ Bd7 4. Qh4 c5 5. d3 Nc6 6. Kd1 e5 7. Qe1 Bd6 8. Nd2
O-O 9. e4 Re8 10. Ne2 b5 11. exd5 Nxd5 12. Ne4 Be7 13. g4 c4 14. N2g3 Nf4 15.
Be3 Nxd3 16. Qd2 Qc7 17. Kc2 Red8 18. Rd1 Be6 19. Qe2 b4 20. Kb1 bxc3 21. Nxc3
Rab8 22. Bc1 Nd4 23. Qg2 Bb4 24. Nge4 Qb7 25. Bxd3 cxd3 26. Rxd3 Bc4 27. Rd2 Qa6
28. Rhd1 Rdc8 29. Rxd4 exd4 30. Rxd4 Qa5 31. Qd2 Be6 32. Ka1 Bxc3 33. Nxc3 Rxc3
34. bxc3 Bxa2 35. Qxa2 Qxc3+ 36. Bb2 Qe1+ 37. Qb1 Qa5+ 38. Qa2 Qe1+ 39. Qb1 Qa5+
40. Qa2 1/2-1/2

[Event "Mondiale Lampo FIDE 2019"]
[Site "Mosca"]
[Date "30.12.2019"]
[Round "15.103"]
[White "Al Ghamdi, Ahmed M"]
[Black "Al Thebaiti, Ahmed M"]
[Result "1/2-1/2"]
[WhiteTitle "CM"]
[BlackTitle "CM"]
[WhiteElo "2107"]
[BlackElo "1976"]
[WhiteFideId "21500150"]
[BlackFideId "21502390"]
[EventDate "2019.12.29"]

1. e4 e5 2. Nf3 Nc6 3. Nc3 Nf6 4. Bb5 Nd4 5. Bc4 d6 6. O-O Bg4 7. Be2 Nxf3+ 8.
Bxf3 Bxf3 9. Qxf3 Be7 10. d3 O-O 11. Bg5 h6 12. Bxf6 Bxf6 13. Nd5 Be7 14. Ne3 g6 1/2-1/2

[Event "Mondiale Lampo FIDE 2019"]
[Site "Mosca"]
[Date "30.12.2019"]
[Round "16.1"]
[White "Carlsen, Magnus"]
[Black "Dubov, Daniil"]
[Result "1-0"]
[WhiteTitle "GM"]
[BlackTitle "GM"]
[WhiteElo "2872"]
[BlackElo "2690"]
[WhiteFideId "1503014"]
[BlackFideId "24126055"]
[EventDate "2019.12.29"]

1. c4 Nf6 2. Nc3 c5 3. g3 e6 4. Nf3 d5 5. cxd5 exd5 6. d4 Nc6 7. Bg2 cxd4 8.
Nxd4 Bc5 9. Nb3 Bb6 10. O-O d4 11. Na4 O-O 12. Bg5 Re8 13. Re1 h6 14. Nxb6 axb6
15. Bxc6 bxc6 16. Bxf6 Qxf6 17. Qxd4 Qd8 18. Qc3 c5 19. Rad1 Qe7 20. Nc1 h5 21.
a3 h4 22. Nd3 Ra4 23. Nf4 Bb7 24. Rd3 Re4 25. f3 hxg3 26. fxe4 gxh2+ 27. Kxh2
Qh4+ 28. Nh3 Rxe4 29. Rg3 f6 30. Qb3+ Kh7 31. Qf7 Rg4 32. Rxg4 Qxg4 33. Qxb7 1-0

[Event "Mondiale Lampo FIDE 2019"]
[Site "Mosca"]
[Date "30.12.2019"]
[Round "16.3"]
[White "Giri, Anish"]
[Black "Yu, Yangyi"]
[Result "1/2-1/2"]
[WhiteTitle "GM"]
[BlackTitle "GM"]
[WhiteElo "2769"]
[BlackElo "2738"]
[WhiteFideId "24116068"]
[BlackFideId "8603820"]
[EventDate "2019.12.29"]

1. Nf3 Nf6 2. c4 c5 3. Nc3 e6 4. g3 b6 5. Bg2 Bb7 6. O-O Be7 7. Re1 d5 8. cxd5
Nxd5 9. d4 cxd4 10. Qa4+ Nd7 11. Nxd5 Bxd5 12. Nxd4 Bxg2 13. Kxg2 O-O 14. Nc6
Nc5 15. Qc4 Qe8 16. Nxe7+ Qxe7 17. Be3 Rac8 18. Rac1 Rfd8 19. f3 h6 1/2-1/2

[Event "Mondiale Lampo FIDE 2019"]
[Site "Mosca"]
[Date "30.12.2019"]
[Round "16.4"]
[White "Jobava, Baadur"]
[Black "Duda, Jan-Krzysztof"]
[Result "0-1"]
[WhiteTitle "GM"]
[BlackTitle "GM"]
[WhiteElo "2604"]
[BlackElo "2758"]
[WhiteFideId "13601520"]
[BlackFideId "1170546"]
[EventDate "2019.12.29"]

1. b3 g6 2. Bb2 Nf6 3. Bxf6 exf6 4. c4 d5 5. cxd5 Qxd5 6. Nc3 Qa5 7. a3 c5 8. g3
Bg7 9. e3 f5 10. Nge2 Bd7 11. b4 cxb4 12. axb4 Qxb4 13. Rb1 Qd6 14. Bg2 Bc6 15.
Bxc6+ Qxc6 16. O-O O-O 17. Qb3 Bxc3 18. Nxc3 Rd8 19. d4 Rd7 20. Rfc1 Na6 21. h4
Qf3 22. Rc2 Rc8 23. Nb5 Rxc2 24. Qxc2 Kg7 25. Qb2 Nc7 26. Nxa7 Nd5 27. Nb5 Nxe3
28. fxe3 Qxg3+ 29. Qg2 Qxe3+ 30. Qf2 Qd3 31. Qf1 Qg3+ 32. Qg2 Qxh4 33. d5 Qc4
34. d6 h5 35. Qb2+ Kh7 36. Re1 f4 37. Re8 Kh6 38. Qe5 Qc1+ 39. Kf2 Qc2+ 40. Kf3
Qd1+ 41. Kxf4 f6 42. Qc5 Qg4+ 0-1

[Event "Mondiale Lampo FIDE 2019"]
[Site "Mosca"]
[Date "30.12.2019"]
[Round "16.5"]
[White "Artemiev, Vladislav"]
[Black "Vachier-Lagrave, Maxime"]
[Result "1/2-1/2"]
[WhiteTitle "GM"]
[BlackTitle "GM"]
[WhiteElo "2731"]
[BlackElo "2780"]
[WhiteFideId "24101605"]
[BlackFideId "623539"]
[EventDate "2019.12.29"]

1. Nf3 Nf6 2. c4 c5 3. g3 g6 4. b3 b6 5. Bg2 Bb7 6. Bb2 Bg7 7. Nc3 O-O 8. O-O d5
9. Nxd5 Nxd5 10. Bxg7 Kxg7 11. cxd5 Qxd5 12. d4 cxd4 13. Qxd4+ Qxd4 14. Nxd4
Bxg2 15. Kxg2 a5 16. Rfd1 Na6 17. Nc6 e6 18. Rd6 Nc5 19. Rc1 Ne4 20. Rd4 Nc5 21.
Ne5 Rad8 22. Rxd8 Rxd8 23. Nc4 Ne4 24. Nxb6 Rd2 25. Kf3 Nd6 26. a4 Rb2 27. Rc3
Kf6 28. Nd7+ Ke7 29. Ne5 Nf5 30. e3 h5 31. Nc4 Ra2 32. Nxa5 g5 33. h3 g4+ 34.
hxg4 hxg4+ 35. Kxg4 Rxf2 36. e4 Nd6 37. Nc6+ Kd7 38. Ne5+ Ke7 39. Nd3 f5+ 40.
exf5 exf5+ 41. Kh3 Rd2 42. Nf4 Ne4 43. Re3 Rb2 44. a5 Kf6 45. Ne2 Nc5 46. g4
fxg4+ 47. Kxg4 Nxb3 48. a6 Nc5 49. Rf3+ Kg7 50. a7 Ra2 51. Rc3 Ne6 52. Rc6 Kf7
53. Nf4 1/2-1/2

[Event "Mondiale Lampo FIDE 2019"]
[Site "Mosca"]
[Date "30.12.2019"]
[Round "16.6"]
[White "Aronian, Levon"]
[Black "Matlakov, Maxim"]
[Result "0-1"]
[WhiteTitle "GM"]
[BlackTitle "GM"]
[WhiteElo "2775"]
[BlackElo "2699"]
[WhiteFideId "13300474"]
[BlackFideId "4168003"]
[EventDate "2019.12.29"]

1. d4 Nf6 2. Nf3 d5 3. Bf4 e6 4. e3 Bd6 5. Bg3 c5 6. Nbd2 O-O 7. c3 Qc7 8. dxc5
Qxc5 9. Bd3 Nbd7 10. Qe2 h6 11. O-O-O Rb8 12. e4 dxe4 13. Nxe4 Nxe4 14. Qxe4 Nf6
15. Bxd6 Nxe4 16. Bxe4 Qxf2 17. Rd2 Qb6 18. Bxb8 Qa5 19. Bd6 Re8 20. Ba3 f5 21.
Bc2 e5 22. Re1 e4 23. Nd4 e3 24. Rde2 f4 25. g3 Bg4 26. gxf4 Bxe2 27. Rxe2 Qh5
28. f5 Qg4 29. Bd3 Rd8 30. Rxe3 Qf4 31. Kd2 Qxh2+ 32. Re2 Qf4+ 33. Kc2 Rc8 34.
Ne6 Qf3 35. Bd6 b5 36. Be5 b4 37. Bxg7 bxc3 38. Bxc3 h5 39. Ng5 Qd5 40. Ne4 Kf7
41. Rg2 Kf8 42. Rg5 Rd8 43. Rg3 h4 44. Rf3 Qxa2 45. Bb4+ Kf7 46. Ng5+ Kf6 47.
Ne4+ Kf7 48. Nc3 Rc8 49. Re3 Qa4+ 50. Kb1 Qxb4 51. Nd5 Qd4 52. Re7+ Kf8 53. Be4
Qxd5 0-1

[Event "Mondiale Lampo FIDE 2019"]
[Site "Mosca"]
[Date "30.12.2019"]
[Round "16.7"]
[White "Nihal, Sarin"]
[Black "Nepomniachtchi, Ian"]
[Result "1-0"]
[WhiteTitle "GM"]
[BlackTitle "GM"]
[WhiteElo "2612"]
[BlackElo "2767"]
[WhiteFideId "25092340"]
[BlackFideId "4168119"]
[EventDate "2019.12.29"]

1. Nf3 d5 2. e3 e6 3. c4 Nf6 4. b3 b6 5. Bb2 Bb7 6. Nc3 Nbd7 7. Rc1 a6 8. cxd5
exd5 9. d4 Bd6 10. g3 O-O 11. Bg2 Re8 12. O-O Qe7 13. Ne2 Rad8 14. Nf4 Ne4 15.
Qc2 c5 16. dxc5 bxc5 17. Rfd1 d4 18. exd4 Bxf4 19. gxf4 cxd4 20. Nxd4 Rc8 21.
Qe2 Rxc1 22. Rxc1 Qf8 23. Qg4 Ndf6 24. Qh4 Rc8 25. Rf1 Qc5 26. Qh3 Re8 27. Nf5
Bc8 28. Nh6+ gxh6 29. Qxh6 Qf8 30. Qh4 Qg7 31. Kh1 Bb7 32. f3 Nd2 33. Bxf6 Qg6
34. f5 Qxf5 35. Rg1 Qg6 36. Qf4 h6 37. Bc3 Re2 38. Qb8+ 1-0

[Event "Mondiale Lampo FIDE 2019"]
[Site "Mosca"]
[Date "30.12.2019"]
[Round "16.8"]
[White "Socko, Bartosz"]
[Black "Firouzja, Alireza"]
[Result "0-1"]
[WhiteTitle "GM"]
[BlackTitle "GM"]
[WhiteElo "2618"]
[BlackElo "2723"]
[WhiteFideId "1107038"]
[BlackFideId "12573981"]
[EventDate "2019.12.29"]

1. d4 Nf6 2. c4 g6 3. Nf3 Bg7 4. g3 O-O 5. Bg2 d6 6. O-O Ne4 7. Qb3 Nc6 8. Rd1
a5 9. a3 a4 10. Qc2 f5 11. Nc3 Nxc3 12. bxc3 Qe8 13. e4 Na5 14. Nd2 f4 15. Rb1
e5 16. Qd3 b6 17. gxf4 Rxf4 18. Nf1 Rf7 19. c5 Ba6 20. Qg3 dxc5 21. dxc5 bxc5
22. Ne3 Nb3 23. Bf1 Bxf1 24. Rxf1 Qe6 25. Qg4 Qa6 26. Ng2 Qd3 27. Bg5 Qxc3 28.
Ne3 Nd2 29. Rbc1 Qxa3 30. Rfd1 Nf3+ 31. Kg2 Raf8 32. Nc4 Qa2 33. Be3 h5 34. Qe6
Kh7 35. Bxc5 Nh4+ 36. Kh1 Rxf2 37. Bxf2 Rxf2 38. Qh3 Nf3 39. Nd2 Nxd2 40. Rc3
Nxe4 41. Re3 Rf4 42. Qg2 Nf2+ 43. Kg1 Qf7 44. Rf1 Ng4 45. Ree1 a3 46. Qd2 a2 47.
Rxf4 exf4 48. h3 Ne3 49. Qd3 Qd5 0-1